000 00426nam a2200181Ia 4500
005 20240823063031.0
008 240823s9999||||xx |||||||||||||| ||und||
041 _aENGLISH
082 _A670.423 N5
100 _aBawa H S
245 0 _aWorkshop Technology
250 _a1st
260 _c1995
_b"TMH,New Delhi"
500 _aTRANSFERED
650 _aWorkshop
_bAeronautical Engineering
942 _cBK
999 _c237290
_d237290